书目信息 |
| 书名: | ENCYCLOPEDIA OF MATHEMATICS AND ITS APPLICATIONS | |
| 作者: | Nathaniel F.G. Martin, James W. England ; foreword by James K. Brooks. | |
| 分册号: | ||
| 分册名: | Mathematical theory of entropy. | 出版地: | Reading, Mass. : |
|
| 出版社: | Addison-Wesley Pub. Co | |
| 出版时间: | 1981. | |
| 页数: | xxi, 257 p. ; | |
| 开本: | 24 cm. | |
| 丛书名: | ||
| 中图分类号: | ||
| 科图分类号: | ||
| 其他分类号: | O1-61 | |
| 主题词: | ||
| 电子资源: | ||
| 000 | 01392nam 2200361 a 4500 | |
| 001 | E0756151504 | |
| 005 | 20070429160714.53 | |
| 008 | @b@b@b@b@b 00110 eng | |
| 008 | @1@1@1@1@1 uu | |
| 010 | @a81000834 //r852 | |
| 020 | @a0201135116. | |
| 049 | @aN5LA | |
| 050 | 0 | @aQ360 @b.M316 |
| 082 | 0 | @a519.2 @219 |
| 090 | @a2/O211/M38/////////722425 | |
| 090 | @aO1-61 | |
| 096 | @aO211 @v2 | |
| 099 | @dO1-61@ex4:12 | |
| 100 | 10 | @aMartin, Nathaniel F. G. |
| 245 | 10 | @aENCYCLOPEDIA OF MATHEMATICS AND ITS APPLICATIONS / @cNathaniel F.G. Martin, James W. England ; foreword by James K. Brooks.@nvolume 12,@pMathematical theory of entropy. |
| 260 | 0 | @aReading, Mass. :@bAddison-Wesley Pub. Co.,@c1981. |
| 300 | @axxi, 257 p. ;@c24 cm. | |
| 490 | 1 | @aEncyclopedia of mathematics and its applications ; @vv. 12. @aSection, Real variables |
| 500 | @aIncludes index. | |
| 504 | @aBibliography: p. 245-251. | |
| 650 | 0 | @aTopological dynamics. |
| 650 | 0 | @aStatistical mechanics. |
| 650 | 0 | @aEntropy (Information theory) |
| 650 | 0 | @aErgodic theory. |
| 700 | 10 | @aEngland, James W. |
| 830 | 0 | @aEncyclopedia of mathematics and its applications. @pSection, Real variables. @b00 @c20020930 @lNLC09 @h2248 @lNLC09 @h2321 @lNLC09 @h1912 |
| 830 | 0 | @aEncyclopedia of mathematics and its applications ; @vv. 12. |
| 852 | 9 | @bWWJC @cJ08S @k2 @hO211 @iM38 |
| ENCYCLOPEDIA OF MATHEMATICS AND ITS APPLICATIONS / / Nathaniel F.G. Martin, James W. England ; foreword by James K. Brooks.. volume 12,. Mathematical theory of entropy.-Reading, Mass. : : Addison-Wesley Pub. Co., , 1981. |
| xxi, 257 p. ; ; 24 cm.- (Encyclopedia of mathematics and its applications ; v. 12. Section, Real variables ) |
| Includes index.-Bibliography: p. 245-251. |
| ISBN 0201135116. |
| ● |
| 相关链接 |
|
|
|
|
正题名:ENCYCLOPEDIA OF MATHEMATICS AND ITS APPLICATIONS
索取号:O1-61/x4:12
 
预约/预借
| 序号 | 登录号 | 条形码 | 馆藏地/架位号 | 状态 | 备注 |
| 1 | 182935 | 001692421 | 第四借阅区/ [索取号:O1-61/x4:12] | 在馆 | |
| 2 | 182936 | 001692430 | 第四借阅区/ [索取号:O1-61/x4:12] | 在馆 |